| 000 | 00990nam a22002537a 4500 | ||
|---|---|---|---|
| 008 | 240620b mp ||||| |||| 00| 0 mon d | ||
| 020 | _a978-99973-1-603-5 | ||
| 035 | _a20067 | ||
| 040 |
_aUM0146080 _bmon _cMN-UlNLM _dMN-UlNLM _erda |
||
| 041 | _amon | ||
| 042 | _a79854 | ||
| 084 |
_2NNA _a82.3/7Ана/ _bФ859 |
||
| 100 | _aФавилли Э., Франческа К. | ||
| 245 | 0 | _aТэрслүү охидод зориулсан бяцхан түүхүүд | |
| 264 |
_aУБ _bМонсудар _c2019 |
||
| 300 | _a212х. | ||
| 336 |
_2rdacontent _atext _btxt |
||
| 337 |
_2rdamedia _aunmediated _bn |
||
| 338 |
_2rdacarrier _avolume _bnc |
||
| 490 | _v2 | ||
| 650 | _aЭнэхүү номд дурдагдсан гайхалтай бүсгүйчүүд ямар чухал нээлт хийж, ямар их зүрх зориг шаардсан адал явдал туулж, хэчнээн сод уха... | ||
| 942 |
_2NNA _cBK |
||
| 999 |
_c1023274 _d1023331 |
||